[Event "Forcing Moves First Spring-3 Section 1"]
[Site "Mississauga CAN"]
[Date "2023.06.25"]
[Round "5.3"]
[White "Vijendra, Vinushan"]
[Black "Deshpande, Sarthak"]
[Result "1/2-1/2"]
[WhiteElo "1706"]
[BlackElo "1705"]
[PlyCount "113"]
[EventDate "2023.06.24"]
[EventType "swiss"]
[EventRounds "5"]
[EventCountry "CAN"]

1. e4 c6 2. d4 d5 3. e5 Bf5 4. h4 h5 5. Bd3 Bxd3 6. Qxd3 Qa5+ 7. Bd2 Qa6 8. Qf3
e6 9. Ne2 Ne7 10. Bb4 Qb6 11. Qa3 Nf5 12. Bxf8 Rxf8 13. Nd2 Nxd4 14. Nxd4 Qxd4
15. O-O-O Qxe5 16. Rde1 Qc7 17. Nf3 Na6 18. Re5 O-O-O 19. Qe3 g6 20. Qxa7 c5
21. c4 d4 22. b4 cxb4 23. c5 Rd5 24. Rxd5 exd5 25. Qa8+ Qb8 26. Qxb8+ Kxb8 27.
Kd2 Nxc5 28. Rb1 Ne4+ 29. Kd3 Nxf2+ 30. Kxd4 Ne4 31. Rxb4 Rd8 32. Ne5 Kc7 33.
Nxf7 Rf8 34. Ne5 Nf6 35. Nxg6 Rg8 36. Nf4 Kc6 37. Ke5 Nd7+ 38. Kf5 Rg4 39. Rb2
Rxh4 40. g3 Rh1 41. Kg5 Nc5 42. Nxh5 Ne4+ 43. Kg4 d4 44. Nf4 Rd1 45. Rc2+ Kd7
46. Kf3 Nd6 47. Ke2 Rg1 48. Kf2 Rd1 49. Ke2 Rg1 50. Nh5 Nf5 51. g4 Rg2+ 52. Kd3
Rxc2 53. Kxc2 Ne3+ 54. Kd3 Nxg4 55. Kxd4 Kc6 56. Nf4 Kb5 57. Nd5 1/2-1/2

[Event "Forcing Moves First Spring-3 Section 1"]
[Site "Mississauga CAN"]
[Date "2023.06.25"]
[Round "5.5"]
[White "Miaco, Trifelino"]
[Black "Xie, Irene"]
[Result "1-0"]
[WhiteElo "1047"]
[BlackElo "1750"]
[PlyCount "135"]
[EventDate "2023.06.24"]
[EventType "swiss"]
[EventRounds "5"]
[EventCountry "CAN"]

1. b3 d5 2. Bb2 Nf6 3. e3 g6 4. f4 Bg7 5. Nf3 c5 6. Be2 Nc6 7. O-O O-O 8. Ne5
Qc7 9. Nxc6 Qxc6 10. Bf3 e6 11. d3 Rd8 12. Qe2 b6 13. Nd2 Bb7 14. Nc4 Qc7 15.
Be5 Qe7 16. Nd2 Rac8 17. Rad1 Rd7 18. Kh1 h5 19. a4 Rcd8 20. Kg1 Ba6 21. c4 Ne8
22. Bxg7 Nxg7 23. e4 Bb7 24. exd5 exd5 25. Qxe7 Rxe7 26. Rde1 Red7 27. cxd5
Bxd5 28. Ne4 Ne8 29. Ng5 Bxf3 30. Rxf3 Nd6 31. Ne4 Ne8 32. Nf2 f5 33. Rg3 Kf7
34. Nh3 Nc7 35. Rge3 Kf6 36. Ng5 a6 37. Re6+ Nxe6 38. Rxe6+ Kg7 39. Rxb6 Rd6
40. Rb7+ R8d7 41. Rxd7+ Rxd7 42. Ne6+ Kf7 43. Nxc5 Rd6 44. Kf2 Rc6 45. d4 Ke7
46. Ke3 Kd6 47. Kd3 Kd5 48. b4 Rb6 49. Kc3 Rc6 50. h4 Rc8 51. b5 axb5 52. axb5
Rb8 53. Na6 Rb7 54. Kd3 Re7 55. Nb4+ Kd6 56. Kc4 Re4 57. g3 Re3 58. b6 Rxg3 59.
Kb5 Rb3 60. Kc4 Ra3 61. d5 Rf3 62. Nd3 Re3 63. b7 Kc7 64. Nc5 Re1 65. d6+ Kb8
66. d7 Rc1+ 67. Kd5 Rd1+ 68. Kc6 1-0

[Event "Forcing Moves First Spring-3 Section 1"]
[Site "Mississauga CAN"]
[Date "2023.06.25"]
[Round "5.6"]
[White "Patil, Tanishq"]
[Black "Sreekumar, Gauri"]
[Result "1/2-1/2"]
[WhiteElo "1504"]
[BlackElo "1560"]
[Annotator ",hugh_brodie@hotmail."]
[PlyCount "66"]
[EventDate "2023.06.24"]
[EventType "swiss"]
[EventRounds "5"]
[EventCountry "CAN"]

1. d4 Nf6 2. Bf4 g6 3. e3 Bg7 4. Nf3 d6 5. Bd3 O-O 6. Nbd2 Nfd7 7. O-O e5 8.
Bg3 Nc6 9. c3 f5 10. Bc4+ Kh8 11. Bh4 Qe8 12. dxe5 Ndxe5 13. Nxe5 Nxe5 14. Bb3
Be6 15. Bg3 Qd7 16. Bxe6 Qxe6 17. Nf3 Rae8 18. Nd4 Qd7 19. Qb3 Rb8 20. Nb5 Qe7
21. Nd4 Qf7 22. Ne6 Rfe8 23. Nxg7 Qxb3 24. axb3 Kxg7 25. Bxe5+ Rxe5 26. Rxa7
Rb5 27. b4 c5 28. bxc5 dxc5 29. Rb1 Kf6 30. g3 Ke5 31. Ra4 Rd8 32. c4 Rb4 33.
Rxb4 cxb4 {Draw in 46 moves.} 1/2-1/2

[Event "Forcing Moves First Spring-3 Section 1"]
[Site "Mississauga CAN"]
[Date "2023.06.25"]
[Round "5.7"]
[White "Deepak, Laksshana"]
[Black "Dembla, Shabd"]
[Result "1-0"]
[WhiteElo "1660"]
[BlackElo "1501"]
[PlyCount "35"]
[EventDate "2023.06.24"]
[EventType "swiss"]
[EventRounds "5"]
[EventCountry "CAN"]

1. e4 e5 2. Nf3 Nc6 3. Nc3 Nf6 4. d4 exd4 5. Nxd4 Be7 6. Bc4 Nxd4 7. Qxd4 d6 8.
Bf4 Bd7 9. O-O-O O-O 10. f3 Nh5 11. Bg3 Be6 12. e5 Nxg3 13. hxg3 dxe5 14. Qxe5
Bd6 15. Qh5 h6 16. Bxe6 fxe6 17. Ne4 Kh7 18. Ng5+ 1-0

[Event "Forcing Moves First Spring-3 Section 1"]
[Site "Mississauga CAN"]
[Date "2023.06.25"]
[Round "5.9"]
[White "Pillai, Karma"]
[Black "Uyanik, Mehmet"]
[Result "1-0"]
[WhiteElo "1500"]
[BlackElo "1488"]
[PlyCount "127"]
[EventDate "2023.06.24"]
[EventType "swiss"]
[EventRounds "5"]
[EventCountry "CAN"]

1. d4 b6 2. c4 Bb7 3. Nc3 Nf6 4. Nf3 e6 5. Bg5 h6 6. Bh4 Be7 7. e3 Ne4 8. Bxe7
Qxe7 9. Nxe4 Bxe4 10. Nd2 Bb7 11. f3 Qg5 12. Qe2 Nc6 13. a3 O-O 14. O-O-O d5
15. f4 Qg6 16. cxd5 exd5 17. Qd3 f5 18. Nb3 Na5 19. Nxa5 bxa5 20. Kb1 Rab8 21.
Rc1 Bc6 22. Qa6 Rb6 23. Qxa5 Rfb8 24. Rc2 Qe8 25. Qc3 Ba4 26. Re2 Rb3 27. Qc5
Qe4+ 28. Ka1 R8b5 29. Qc1 Rb7 30. h3 Bb5 31. Rc2 Bxf1 32. Rxf1 Rxe3 33. Rxc7
Rxc7 34. Qxc7 a6 35. Qc8+ Kh7 36. g3 Qd3 37. Rg1 Re2 38. h4 Qxd4 39. Qxf5+ Kg8
40. Qc8+ Kf7 41. Qd7+ Kf6 42. Qd6+ Kf5 43. g4+ Ke4 44. Qe6+ Kf3 45. Rf1+ Rf2
46. Rxf2+ Kxf2 47. Qxa6 Qd1+ 48. Ka2 d4 49. Qc4 d3 50. Qd4+ Ke1 51. Qg1+ Kd2
52. Qf2+ Kc1 53. Qc5+ Qc2 54. Qg1+ Qd1 55. Qc5+ Kd2 56. Qc3+ Ke2 57. Qe5+ Kf1
58. Qe3 Qe2 59. Qh3+ Ke1 60. Qh1+ Kd2 61. g5 Qe6+ 62. b3 Qe2 63. Kb2 hxg5 64.
Qc1# 1-0

[Event "Forcing Moves First Spring-3 Section 2"]
[Site "Mississauga CAN"]
[Date "2023.06.24"]
[Round "1.10"]
[White "Sreekumar Maliekal, Balakrishnan"]
[Black "Wang, William Kaiyuan"]
[Result "1-0"]
[WhiteElo "1286"]
[BlackElo "1446"]
[PlyCount "155"]
[EventDate "2023.06.24"]
[EventType "swiss"]
[EventRounds "5"]
[EventCountry "CAN"]

1. d4 Nf6 2. c4 e6 3. Nf3 b6 4. g3 Bb7 5. Bg2 g6 6. O-O Bg7 7. Bg5 h6 8. Bf4
O-O 9. Nc3 d6 10. Qc2 Nbd7 11. Rfd1 Re8 12. e4 e5 13. dxe5 dxe5 14. Bxe5 Qc8
15. Bh3 Re7 16. Bxf6 Bxf6 17. Qd2 Bxc3 18. bxc3 Ne5 19. Bxc8 Nxf3+ 20. Kg2 Nxd2
21. Bxb7 Rb8 22. Rxd2 Rxb7 23. Kf3 Kg7 24. Rad1 c5 25. Rd5 g5 26. e5 Kg6 27. g4
f6 28. Re1 fxe5 29. Rexe5 Rxe5 30. Rxe5 Rf7+ 31. Ke3 Rf4 32. Re4 Rf6 33. f4
gxf4+ 34. Rxf4 Re6+ 35. Re4 Rf6 36. a4 a5 37. Re5 Rd6 38. h4 Kf6 39. Ke4 Rd1
40. Rd5 Re1+ 41. Kf3 Re6 42. Kf4 Kg6 43. Re5 Rf6+ 44. Ke4 Rd6 45. Re8 Kf7 46.
Re5 Rd1 47. Rd5 Re1+ 48. Kf5 Rf1+ 49. Ke5 Ke7 50. Ke4 Re1+ 51. Kf5 Rf1+ 52. Kg6
Rf6+ 53. Kh5 Ke6 54. Rf5 Rxf5+ 55. gxf5+ Kxf5 56. Kxh6 Kf6 57. h5 Kf7 58. Kg5
Kg7 59. Kf5 Kh6 60. Ke4 Kxh5 61. Kd5 Kg5 62. Kc6 Kf5 63. Kxb6 Ke5 64. Kxc5 Ke6
65. Kc6 Ke7 66. c5 Kd8 67. Kb7 Kd7 68. c6+ Kd6 69. c7 Kc5 70. c8=Q+ Kd5 71. c4+
Kd4 72. c5 Kc4 73. c6 Kb4 74. Qg4+ Kc5 75. c7 Kd6 76. c8=Q Kd5 77. Qcd7+ Ke5
78. Qe8+ 1-0

[Event "Forcing Moves First Spring-3 Section 2"]
[Site "Mississauga CAN"]
[Date "2023.06.24"]
[Round "1.12"]
[White "Kola, Venkat Karthikeya R"]
[Black "Sreekumar, Gayathri"]
[Result "0-1"]
[WhiteElo "1408"]
[BlackElo "1204"]
[PlyCount "153"]
[EventDate "2023.06.24"]
[EventType "swiss"]
[EventRounds "5"]
[EventCountry "CAN"]

1. e4 c5 2. Nf3 d6 3. d4 cxd4 4. Nxd4 Nf6 5. Nc3 g6 6. Be3 Bg7 7. Bc4 O-O 8. f3
Nc6 9. Qd2 Nxd4 10. Bxd4 Be6 11. Bxe6 fxe6 12. O-O Qa5 13. a3 Qh5 14. Rfe1 a6
15. e5 dxe5 16. Rxe5 Qh4 17. Bf2 Qc4 18. Rc5 Ne4 19. fxe4 Bxc3 20. Qxc3 Qxe4
21. Bd4 Rf7 22. Rc8+ Rxc8 23. Qxc8+ Rf8 24. Qc3 h5 25. Bh8 Rf7 26. Rd1 Kh7 27.
Be5 Qe2 28. Qd4 Rf5 29. Bg3 Rd5 30. Rd2 Qxd2 31. Qe4 Qd4+ 32. Qxd4 Rxd4 33. Be1
Rd1 34. Kf2 Rc1 35. c3 Rb1 36. b4 Ra1 37. c4 Rxa3 38. c5 Kg7 39. Ke2 Kf6 40.
Bd2 e5 41. Kd1 e4 42. Ke2 Ke5 43. Be3 a5 44. b5 Rb3 45. b6 a4 46. Kd2 a3 47.
Kc2 a2 48. Bh6 Kf6 49. Kxb3 a1=Q 50. Bd2 Qb1+ 51. Kc4 Qc2+ 52. Bc3+ Ke6 53. c6
bxc6 54. Kb4 c5+ 55. Kc4 Qa4+ 56. Kxc5 Qa8 57. Kb5 Kd7 58. Ba5 Kc8 59. Bb4 Kb7
60. Bc5 Qd8 61. Kb4 Qd2+ 62. Kb3 e3 63. Bb4 Qd1+ 64. Kb2 e2 65. Bc3 e1=Q 66.
Bxe1 Qxe1 67. g3 Kxb6 68. h4 Qd2+ 69. Kb3 Qf2 70. g4 Qxh4 71. gxh5 Qxh5 72. Kc3
Qf3+ 73. Kd4 Qf5 74. Ke3 Qg4 75. Kd3 Qf4 76. Kc3 Qe4 77. Kb3 0-1

[Event "Forcing Moves First Spring-3 Section 2"]
[Site "Mississauga CAN"]
[Date "2023.06.24"]
[Round "1.13"]
[White "Chunchu, Ashwin"]
[Black "Narula, Japveer"]
[Result "0-1"]
[WhiteElo "1437"]
[BlackElo "1267"]
[PlyCount "68"]
[EventDate "2023.06.24"]
[EventType "swiss"]
[EventRounds "5"]
[EventCountry "CAN"]

1. e4 e5 2. Nc3 Nf6 3. f4 d6 4. Nf3 Nc6 5. Bb5 Bd7 6. d3 Nd4 7. Nxd4 exd4 8.
Bxd7+ Qxd7 9. Ne2 c5 10. O-O Be7 11. h3 O-O 12. f5 h6 13. g4 Nh7 14. Nf4 Qd8
15. Nd5 Bg5 16. f6 Bxf6 17. Nxf6+ Nxf6 18. g5 Nh7 19. gxh6 Qh4 20. Rf2 Rfe8 21.
Qf3 Ng5 22. Bxg5 Qxg5+ 23. Kh1 Qxh6 24. Qxf7+ Kh8 25. Rg1 Rf8 26. Qxf8+ Rxf8
27. Rxf8+ Kh7 28. Kh2 d5 29. e5 Qe3 30. Rf5 g6 31. Rfg5 Qf4+ 32. Kh1 Qf3+ 33.
R1g2 Qf1+ 34. Rg1 Qxh3# 0-1

[Event "Forcing Moves First Spring-3 Section 2"]
[Site "Mississauga CAN"]
[Date "2023.06.24"]
[Round "1.14"]
[White "Guan, Marie"]
[Black "Shah, Mustafa"]
[Result "1/2-1/2"]
[WhiteElo "1261"]
[BlackElo "1421"]
[PlyCount "94"]
[EventDate "2023.06.24"]
[EventType "swiss"]
[EventRounds "5"]
[EventCountry "CAN"]

1. e4 c6 2. d4 d5 3. e5 Bf5 4. h4 h6 5. g4 Bd7 6. c4 e6 7. Nc3 Bb4 8. Bd2 Ne7
9. Qb3 Bxc3 10. bxc3 b6 11. c5 Qc7 12. cxb6 axb6 13. Nf3 b5 14. Bd3 Qa7 15. O-O
Bc8 16. Qb4 Qa3 17. Bc1 Qxb4 18. cxb4 Nd7 19. Nd2 O-O 20. Nb3 Ra7 21. f4 f6 22.
g5 fxg5 23. fxg5 Rxf1+ 24. Kxf1 h5 25. Nc5 Nxc5 26. dxc5 g6 27. Kf2 Kg7 28. a3
Ng8 29. Bb2 Ne7 30. Ke3 Nf5+ 31. Bxf5 gxf5 32. Kd2 Kg6 33. Rf1 Bd7 34. Kc3 Be8
35. Kb3 Bf7 36. Bd4 Bg8 37. Be3 Bh7 38. Bf4 Kf7 39. Ra1 Ra4 40. Rg1 Bg6 41. Be3
Ke8 42. Rf1 Kd7 43. Rf4 Kc7 44. Bd4 Ra8 45. Rf1 Ra6 46. Be3 Ra8 47. Ra1 Ra4
1/2-1/2

[Event "Forcing Moves First Spring-3 Section 2"]
[Site "Mississauga CAN"]
[Date "2023.06.24"]
[Round "1.15"]
[White "Huang, Eric"]
[Black "Cheng, Adam"]
[Result "0-1"]
[WhiteElo "1420"]
[BlackElo "1241"]
[PlyCount "70"]
[EventDate "2023.06.24"]
[EventType "swiss"]
[EventRounds "5"]
[EventCountry "CAN"]

1. d4 Nf6 2. c4 g6 3. Nf3 Bg7 4. Nc3 d6 5. e4 O-O 6. Be2 Nbd7 7. O-O e5 8. Bg5
h6 9. Bh4 g5 10. Bg3 Nh5 11. dxe5 dxe5 12. Nd5 Nf4 13. Rc1 c6 14. Nc3 h5 15.
Bxf4 exf4 16. Qc2 g4 17. Nd2 Ne5 18. Rfd1 Qg5 19. Kh1 h4 20. a3 f5 21. c5 Qg6
22. Nc4 f3 23. Rd6 Qg5 24. Nxe5 Bxe5 25. Bc4+ Kh8 26. Rd3 Qf4 27. g3 hxg3 28.
fxg3 Qh6 29. Kg1 Qh3 30. Qf2 Kh7 31. Rcd1 f4 32. gxf4 Bxf4 33. Re1 g3 34. hxg3
Bxg3 35. Qd2 f2+ 0-1

[Event "Forcing Moves First Spring-3 Section 2"]
[Site "Mississauga CAN"]
[Date "2023.06.24"]
[Round "1.16"]
[White "Grynszpan, Alexander"]
[Black "Su, Wentan"]
[Result "0-1"]
[WhiteElo "1222"]
[BlackElo "1413"]
[PlyCount "92"]
[EventDate "2023.06.24"]
[EventType "swiss"]
[EventRounds "5"]
[EventCountry "CAN"]

1. d4 d5 2. c4 c6 3. Nf3 Nf6 4. Nc3 dxc4 5. a4 Bf5 6. e3 e6 7. Bxc4 Bb4 8. Bd2
O-O 9. O-O Nbd7 10. Qe2 c5 11. Bd3 Re8 12. Bxf5 exf5 13. Qd3 Ne4 14. Qc2 Nb6
15. Nxe4 fxe4 16. Ne5 Bxd2 17. Nxf7 Kxf7 18. Qxd2 Kg8 19. a5 Nd7 20. Qc2 cxd4
21. exd4 Nf6 22. Rfd1 Rc8 23. Qa4 Qd5 24. b3 Rc6 25. Rdc1 Rec8 26. Re1 a6 27.
h3 Rc2 28. Qb4 Qf5 29. Rf1 R8c7 30. Qd6 Rd7 31. Qb8+ Kf7 32. Qa7 Nd5 33. Rac1
Rdc7 34. Rxc2 Rxc2 35. Qxb7+ Kg8 36. Qxa6 Nf4 37. Qa8+ Rc8 38. Qb7 Ne2+ 39. Kh1
Ng3+ 40. Kg1 Rf8 41. f3 Nxf1 42. a6 exf3 43. Kxf1 Qb1+ 44. Kf2 Qc2+ 45. Kg3
Qxg2+ 46. Kh4 Rf4+ 0-1

[Event "Forcing Moves First Spring-3 Section 2"]
[Site "Mississauga CAN"]
[Date "2023.06.24"]
[Round "1.17"]
[White "Hong, Zihan"]
[Black "Barbisan, Owen"]
[Result "1-0"]
[WhiteElo "1342"]
[BlackElo "1144"]
[PlyCount "57"]
[EventDate "2023.06.24"]
[EventType "swiss"]
[EventRounds "5"]
[EventCountry "CAN"]

1. d4 d5 2. c4 e6 3. Nc3 c5 4. cxd5 exd5 5. Nf3 Nc6 6. Bf4 Nf6 7. e3 a6 8. Be2
Bf5 9. O-O c4 10. Ne5 Rc8 11. Bf3 b5 12. Bg5 h6 13. Bxf6 gxf6 14. Nxc6 Rxc6 15.
Nxd5 Rd6 16. Nf4 Rg8 17. d5 Qd7 18. Kh1 Bg4 19. h3 Bf5 20. e4 Bh7 21. Re1 Bg7
22. Qc2 Kd8 23. a4 Re8 24. axb5 Qxb5 25. Ra4 f5 26. Rxc4 fxe4 27. Rc8+ Ke7 28.
Rxe8+ Kxe8 29. Bxe4 1-0

[Event "Forcing Moves First Spring-3 Section 2"]
[Site "Mississauga CAN"]
[Date "2023.06.24"]
[Round "1.18"]
[White "Routray, Anshuman"]
[Black "Kang, Richard"]
[Result "0-1"]
[WhiteElo "1181"]
[BlackElo "1357"]
[PlyCount "58"]
[EventDate "2023.06.24"]
[EventType "swiss"]
[EventRounds "5"]
[EventCountry "CAN"]

1. d4 d5 2. Bf4 Nf6 3. Nf3 c5 4. e3 Nc6 5. h3 Qb6 6. b3 cxd4 7. exd4 Bf5 8. c3
e6 9. Bd3 Bxd3 10. Qxd3 Be7 11. Nbd2 O-O 12. O-O Rac8 13. Rfc1 Rfd8 14. b4 h6
15. Ne5 Bd6 16. Qg3 Nh5 17. Qg4 Nxf4 18. Qxf4 f6 19. Qg4 fxe5 20. Qxe6+ Kh8 21.
Nf3 e4 22. Nh4 Ne7 23. Qg4 Rf8 24. Kh1 g5 25. Qh5 Rf6 26. Qg4 gxh4 27. Qxh4
Rcf8 28. Rc2 Nf5 29. Qg4 Ne3 0-1

[Event "Forcing Moves First Spring-3 Section 2"]
[Site "Mississauga CAN"]
[Date "2023.06.24"]
[Round "2.12"]
[White "Su, Wentan"]
[Black "Sreekumar Maliekal, Balakrishnan"]
[Result "0-1"]
[WhiteElo "1413"]
[BlackElo "1286"]
[PlyCount "100"]
[EventDate "2023.06.24"]
[EventType "swiss"]
[EventRounds "5"]
[EventCountry "CAN"]

1. d4 Nf6 2. c4 g6 3. Nc3 Bg7 4. e4 d6 5. Nf3 O-O 6. Be2 c5 7. d5 Nbd7 8. O-O
a6 9. Bf4 Nh5 10. Bd2 Nb6 11. h3 Bh8 12. Bh6 Ng7 13. Bd3 f6 14. Nd2 Rf7 15. f4
e6 16. Qc2 f5 17. b3 Nh5 18. Bg5 Qf8 19. exf5 gxf5 20. Rae1 Bd4+ 21. Kh2 exd5
22. Nxd5 Nxd5 23. cxd5 Bd7 24. Nf3 Rc8 25. Nxd4 cxd4 26. Qd1 Ng7 27. Be2 Rc5
28. Bh5 Nxh5 29. Qxh5 Qc8 30. Be7 Rxd5 31. Qg5+ Rg7 32. Rc1 Qe8 33. Qh4 Qg6 34.
Bg5 d3 35. Rfd1 Bc6 36. Qh6 d2 37. Qxg6 hxg6 38. Rc2 Rc7 39. Rcxd2 Rxd2 40.
Rxd2 d5 41. Bf6 Kf7 42. Be5 Rd7 43. g4 Bb5 44. gxf5 gxf5 45. Rg2 Ke6 46. Rg6+
Ke7 47. Rg7+ Ke8 48. Rxd7 Bxd7 49. h4 Kf7 50. h5 Kg8 0-1

[Event "Forcing Moves First Spring-3 Section 2"]
[Site "Mississauga CAN"]
[Date "2023.06.24"]
[Round "2.13"]
[White "Kang, Richard"]
[Black "Narula, Japveer"]
[Result "0-1"]
[WhiteElo "1357"]
[BlackElo "1267"]
[PlyCount "104"]
[EventDate "2023.06.24"]
[EventType "swiss"]
[EventRounds "5"]
[EventCountry "CAN"]

1. d4 d5 2. c4 dxc4 3. e4 Nf6 4. Nc3 a6 5. a4 e6 6. Bxc4 Bb4 7. e5 Ne4 8. Nge2
c5 9. O-O Nxc3 10. bxc3 Ba5 11. Ba3 cxd4 12. cxd4 Nc6 13. Qd3 Bb4 14. Rfd1 O-O
15. Ng3 Qe7 16. Ne4 Rd8 17. Nd6 Kh8 18. Qf3 f6 19. Bxb4 Nxb4 20. a5 Rf8 21. Qb3
Nd5 22. Bxd5 exd5 23. Nxc8 Raxc8 24. Qxd5 fxe5 25. dxe5 Rc2 26. f4 Rxf4 27. e6
Re2 28. Qd8+ Qf8 29. Qxf8+ Rxf8 30. Re1 Rff2 31. Rxe2 Rxe2 32. Rd1 h6 33. Rd7
Rxe6 34. Rxb7 Re5 35. Kf2 Rxa5 36. Ke3 Kg8 37. Rb2 Kf7 38. Kd3 Ke6 39. Rb6+ Ke7
40. Kc3 Kf7 41. Rb7+ Kg6 42. Rb6+ Kh7 43. Rb2 Kg6 44. Rb6+ Kh7 45. Rb2 Kg8 46.
Rb7 Ra2 47. Rb2 Rxb2 48. Kxb2 Kf7 49. Ka3 Ke6 50. Ka4 Ke5 51. Ka5 Kf4 52. Kxa6
Ke3 0-1

[Event "Forcing Moves First Spring-3 Section 2"]
[Site "Mississauga CAN"]
[Date "2023.06.24"]
[Round "2.14"]
[White "Cheng, Adam"]
[Black "Hong, Zihan"]
[Result "1/2-1/2"]
[WhiteElo "1241"]
[BlackElo "1342"]
[PlyCount "66"]
[EventDate "2023.06.24"]
[EventType "swiss"]
[EventRounds "5"]
[EventCountry "CAN"]

1. e4 d5 2. exd5 Qxd5 3. Nc3 Qa5 4. d4 Nf6 5. Bd3 Bg4 6. Nge2 c6 7. f3 Bh5 8.
Nf4 e6 9. a3 Bd6 10. Nxh5 Qxh5 11. Be3 Bg3+ 12. Ke2 Bd6 13. Qd2 Nbd7 14. h4 Qa5
15. Ne4 Qxd2+ 16. Kxd2 Nxe4+ 17. fxe4 O-O 18. e5 Be7 19. g4 a5 20. g5 Rfc8 21.
Be4 Rab8 22. Rac1 Nb6 23. c4 Rd8 24. Ke2 Nd7 25. Bf4 Nb6 26. Rhd1 Ra8 27. h5 g6
28. h6 Rd7 29. Be3 Bd8 30. Rd3 Bc7 31. d5 exd5 32. Bxb6 Bxb6 33. cxd5 cxd5
1/2-1/2

[Event "Forcing Moves First Spring-3 Section 2"]
[Site "Mississauga CAN"]
[Date "2023.06.24"]
[Round "2.15"]
[White "Guan, Isabelle"]
[Black "Sreekumar, Gayathri"]
[Result "1-0"]
[WhiteElo "1316"]
[BlackElo "1204"]
[PlyCount "61"]
[EventDate "2023.06.24"]
[EventType "swiss"]
[EventRounds "5"]
[EventCountry "CAN"]

1. e4 c5 2. Nf3 d6 3. Bb5+ Bd7 4. Bxd7+ Qxd7 5. d4 cxd4 6. Nxd4 Nf6 7. Nc3 g6
8. Be3 Bg7 9. Qd2 O-O 10. h4 Nc6 11. O-O-O Rfc8 12. Kb1 a6 13. f4 b5 14. f5 b4
15. Nce2 Nxe4 16. Qd3 Nxd4 17. Bxd4 Bxd4 18. Qxd4 Qxf5 19. Rhf1 Qe6 20. Nf4 Qe5
21. Qd3 Nc5 22. Qf3 Na4 23. Qb3 Qb5 24. Nd5 Rc5 25. Nxe7+ Kh8 26. Qxf7 Nc3+ 27.
bxc3 bxc3+ 28. Qb3 Qa5 29. Ka1 Rb5 30. Qf7 h5 31. Nxg6# 1-0

[Event "Forcing Moves First Spring-3 Section 2"]
[Site "Mississauga CAN"]
[Date "2023.06.24"]
[Round "2.16"]
[White "Huang, David"]
[Black "Guan, Marie"]
[Result "1/2-1/2"]
[WhiteElo "1120"]
[BlackElo "1261"]
[PlyCount "133"]
[EventDate "2023.06.24"]
[EventType "swiss"]
[EventRounds "5"]
[EventCountry "CAN"]

1. e4 e6 2. d4 d5 3. exd5 exd5 4. Bd3 Bd6 5. Nf3 Bg4 6. O-O Nc6 7. c3 Nge7 8.
Bg5 f6 9. Bh4 g5 10. Bg3 h5 11. Bxd6 Qxd6 12. Nbd2 O-O-O 13. b4 h4 14. b5 Na5
15. Nb3 Nxb3 16. axb3 Kb8 17. h3 Bh5 18. Be2 Qd7 19. Re1 Ng6 20. Qc2 Nf4 21.
Qa2 a6 22. bxa6 b6 23. a7+ Ka8 24. Bd1 g4 25. hxg4 Bxg4 26. Qa4 Qd6 27. b4 Nd3
28. Re3 Nb2 29. Qb3 Nc4 30. Re1 h3 31. g3 f5 32. Ne5 Nxe5 33. dxe5 Qh6 34. Bxg4
fxg4 35. Kh2 Qf8 36. Rg1 Qxf2+ 37. Kh1 Qf3+ 38. Kh2 Qe2+ 39. Kh1 h2 40. Rg2 Qe4
41. Qa4 Rh6 42. Qc2 Qxe5 43. Qd2 Rhh8 44. Re1 Qd6 45. Qf4 Qc6 46. Qxg4 Qxc3 47.
Rd1 Rdg8 48. Qd7 Rd8 49. Qg4 Rhg8 50. Qe6 Kxa7 51. Kxh2 Qxb4 52. Ra2+ Kb7 53.
Rxd5 Qb3 54. Ra7+ Kxa7 55. Ra5+ bxa5 56. Qxb3 Rd2+ 57. Kg1 Re8 58. Qb1 Red8 59.
Qf5 R8d5 60. Qe6 a4 61. Qe3+ Kb8 62. Qe8+ Rd8 63. Qb5+ Kc8 64. Qa6+ Kb8 65.
Qb5+ Kc8 66. Qa6+ Kb8 67. Qb5+ 1/2-1/2

[Event "Forcing Moves First Spring-3 Section 2"]
[Site "Mississauga CAN"]
[Date "2023.06.24"]
[Round "2.17"]
[White "Shah, Mustafa"]
[Black "Chunchu, Ashwin"]
[Result "1-0"]
[WhiteElo "1421"]
[BlackElo "1437"]
[PlyCount "95"]
[EventDate "2023.06.24"]
[EventType "swiss"]
[EventRounds "5"]
[EventCountry "CAN"]

1. d4 g6 2. Nf3 Bg7 3. Bf4 d6 4. e3 Nd7 5. c3 e5 6. dxe5 dxe5 7. Bg3 Ne7 8. h3
O-O 9. Bc4 Nb6 10. Qxd8 Rxd8 11. Bb3 Nc6 12. Nbd2 h6 13. a3 a5 14. Nc4 Nxc4 15.
Bxc4 b6 16. O-O Bb7 17. Rfd1 Kf8 18. Kf1 Ke7 19. Ke1 f5 20. Rxd8 Rxd8 21. Rd1
Rxd1+ 22. Kxd1 g5 23. Nd2 Nd8 24. f3 Ne6 25. Bf2 a4 26. Bb5 Nc5 27. e4 Nb3 28.
Nxb3 axb3 29. exf5 Kf6 30. Bd3 h5 31. Be4 Ba6 32. g4 Bf1 33. h4 Bh3 34. hxg5+
Kxg5 35. Be3+ Kh4 36. g5 Kg3 37. Ke2 h4 38. f6 Bh8 39. Bf2+ Kf4 40. Bxh4 Bf5
41. g6 Bxg6 42. Bxg6 c5 43. f7 Bg7 44. Be7 e4 45. Bxe4 b5 46. f8=Q+ Bxf8 47.
Bxf8 c4 48. Bc6 1-0

[Event "Forcing Moves First Spring-3 Section 2"]
[Site "Mississauga CAN"]
[Date "2023.06.24"]
[Round "2.18"]
[White "Wang, William Kaiyuan"]
[Black "Grynszpan, Alexander"]
[Result "1-0"]
[WhiteElo "1446"]
[BlackElo "1222"]
[PlyCount "89"]
[EventDate "2023.06.24"]
[EventType "swiss"]
[EventRounds "5"]
[EventCountry "CAN"]

1. e4 e6 2. d4 d5 3. Nc3 dxe4 4. Nxe4 Nd7 5. Nf3 Ngf6 6. Bd3 Nxe4 7. Bxe4 Nf6
8. Qe2 Be7 9. O-O O-O 10. Bf4 Nxe4 11. Qxe4 Rb8 12. Rfe1 b6 13. Rad1 Bb7 14.
Qe3 Bxf3 15. Qxf3 Qd5 16. Qxd5 exd5 17. Rxe7 Rbc8 18. c3 a6 19. Bxc7 g6 20.
Bxb6 Rb8 21. Bc5 Rxb2 22. a3 Rc2 23. Re3 Rb8 24. h3 Rbb2 25. Rf3 Re2 26. Bb4 f5
27. Rdd3 h5 28. Rde3 Rec2 29. Re6 Kf7 30. Rxa6 h4 31. Re3 Rb1+ 32. Kh2 Kg7 33.
Re7+ Kh6 34. Ree6 Kg5 35. Rxg6+ Kf4 36. Bd6+ Ke4 37. Be7 Rcc1 38. Rae6+ Kd3 39.
Re3+ Kd2 40. Bxh4 f4 41. g3 f3 42. g4 Rg1 43. Rxf3 Ke2 44. Re3+ Kf1 45. Rg3 1-0

[Event "Forcing Moves First Spring-3 Section 2"]
[Site "Mississauga CAN"]
[Date "2023.06.24"]
[Round "2.19"]
[White "Routray, Anshuman"]
[Black "Huang, Eric"]
[Result "0-1"]
[WhiteElo "1181"]
[BlackElo "1420"]
[PlyCount "70"]
[EventDate "2023.06.24"]
[EventType "swiss"]
[EventRounds "5"]
[EventCountry "CAN"]

1. d4 d5 2. Bf4 Nf6 3. Nf3 c5 4. c3 e6 5. e3 Nc6 6. Bd3 Bd6 7. Bg3 cxd4 8. cxd4
Bxg3 9. hxg3 Qb6 10. Qe2 Bd7 11. Nc3 Rc8 12. a3 Qb3 13. Nb5 Ke7 14. O-O a6 15.
Bc2 Qxb5 16. Bd3 Qb6 17. Rfc1 Na5 18. Rd1 Nb3 19. Rab1 Rc7 20. Bc2 Bb5 21. Qe1
Rxc2 22. Qb4+ Qd6 23. Qxb3 Rc4 24. Ne5 Rc7 25. Rdc1 Rhc8 26. Rd1 Ne4 27. f3
Nxg3 28. Kf2 f6 29. Nd3 Rc2+ 30. Kg1 Ne2+ 31. Kh1 Qg3 32. Qb4+ Kf7 33. Qe1 Qg5
34. Nf4 Nxf4 35. exf4 Qxg2# 0-1

[Event "Forcing Moves First Spring-3 Section 2"]
[Site "Mississauga CAN"]
[Date "2023.06.24"]
[Round "2.21"]
[White "Jia, Jasper Yunjie"]
[Black "Dave, Jashank"]
[Result "0-1"]
[WhiteElo "1144"]
[BlackElo "1307"]
[PlyCount "58"]
[EventDate "2023.06.24"]
[EventType "swiss"]
[EventRounds "5"]
[EventCountry "CAN"]

1. e4 e5 2. d4 exd4 3. Qxd4 Nc6 4. Qe3 d6 5. Nc3 Nf6 6. Bd2 Be6 7. O-O-O Qd7 8.
f4 Qe7 9. f5 Bd7 10. Bb5 O-O-O 11. Nf3 Kb8 12. Be1 a6 13. Ba4 Ng4 14. Qf4 Nge5
15. Bxc6 Nxc6 16. Bh4 f6 17. Rhe1 h5 18. e5 g5 19. Nxg5 dxe5 20. Qd2 Bxf5 21.
Qf2 Rxd1+ 22. Rxd1 fxg5 23. Nd5 Qc5 24. Qxf5 gxh4 25. Qf6 Rg8 26. Qxh4 Rxg2 27.
Nc3 Bh6+ 28. Kb1 Qf2 29. Rc1 Qxh4 0-1